Resumen de sus actas y de sus tareas en el año 1873, leído en la sesión de 17 de enero de 1874 / (Registro nro. 165484)

Detalles MARC
000 -LEADER
campo de control de longitud fija 01085nam a22001935i 4500
001 - NÚMERO DE CONTROL
campo de control 165484
003 - IDENTIFICADOR DE NÚMERO DE CONTROL
campo de control ES-MaACL
005 - FECHA Y HORA DE LA ÚLTIMA TRANSACCIÓN
campo de control 20250902100245.0
008 - DATOS DE LONGITUD FIJA--INFORMACIÓN GENERAL
campo de control de longitud fija 990701s1874 sp d |||| | spa d
080 ## - NÚMERO DE LA CLASIFICACIÓN DECIMAL UNIVERSAL
Número de la Clasificación Decimal Universal 061.235(460.27 M.).055.5
110 2# - ENTRADA PRINCIPAL--NOMBRE DE ENTIDAD CORPORATIVA
Nombre de entidad corporativa o nombre de jurisdicción como elemento de entrada Real Sociedad Económica Matritense de Amigos del País.
9 (RLIN) 6389
245 10 - MENCIÓN DEL TÍTULO
Título Resumen de sus actas y de sus tareas en el año 1873, leído en la sesión de 17 de enero de 1874 /
Mención de responsabilidad, etc. por el secretario general D. Juan de Tro y Ortolano .
Resto del título Lista del personal oficial... Lista alfabética de las sociedades económicas de amigos del país del reino... Lista de las obras adquiridas por diferentes conceptos para su biblioteca en 1873.
260 ## - PUBLICACIÓN, DISTRIBUCIÓN, ETC.
Lugar de publicación, distribución, etc. Madrid :
Nombre del editor, distribuidor, etc. [s.n.],
Fecha de publicación, distribución, etc. 1874 (
Fabricante Tip. del Colegio Nacional de Sordo-Mudos y de Ciegos)
300 ## - DESCRIPCIÓN FÍSICA
Extensión XX, 111 p. ;
Dimensiones 27 cm.
610 27 - PUNTO DE ACCESO ADICIONAL DE MATERIA--NOMBRE DE ENTIDAD CORPORATIVA
Nombre de entidad corporativa o nombre de jurisdicción como elemento de entrada Real Sociedad Económica Matritense de Amigos del País-
Subdivisión de forma Memorias
Fuente del encabezamiento o término
9 (RLIN) 145026
700 1# - ENTRADA AGREGADA--NOMBRE PERSONAL
Nombre de persona Tro y Ortolano, Juan de.
9 (RLIN) 133384
852 4# - LOCALIZACIÓN
Ubicación ES-MaACL
Número de control de estantería T-162-F-2
Nota libre - Enc. hol., conservando cub. original
-- - Enc. en un vol. facticio
Existencias
Estatus retirado Estado de pérdida Estado de daño No para préstamo Colección Biblioteca de origen Biblioteca actual Ubicación en estantería Fecha de adquisición Total de préstamos Signatura topográfica completa Código de barras Visto por última vez Precio de reemplazo Tipo de ítem Koha
        Colección de folletos Biblioteca del Ateneo de Madrid Biblioteca del Ateneo de Madrid Depósito folletos 17/01/2008   T-162-F-2 1173538 23/02/2023 23/02/2023 Folleto